Catálogo
 En Linea

Políticas sociales y pobreza. (Registro nro. 22781)

Detalles MARC
000 -CABECERA
campo de control de longitud fija 00761nam a2200181 a 4500
001 - NÚMERO DE CONTROL
campo de control 000023284
005 - FECHA Y HORA DE LA ÚLTIMA TRANSACCIÓN
campo de control 20200930022119.0
008 - DATOS DE LONGITUD FIJA--INFORMACIÓN GENERAL
campo de control de longitud fija 101201s1994 ec ad r 000 0 spa d
040 ## - FUENTE DE LA CATALOGACIÓN
Centro catalogador/agencia de origen DO-SdBNP
Lengua de catalogación spa
Centro/agencia transcriptor BNPHU
082 ## - NÚMERO DE LA CLASIFICACIÓN DECIMAL DEWEY
Número de clasificación xxxxx
Número de documento/Ítem S471p
049 ## - FONDOS LOCALES (OCLC)
Fondos de biblioteca BNGR
111 1# - ENTRADA PRINCIPAL--NOMBRE DE CONGRESO/REUNIÓN
Nombre de congreso/reunión o jurisdicción como elemento de entrada Seminario internacional organizado por la Corporación de Estudios para el Desarrollo (CORDES) y el Fondo de inversión Social de Emergencia FISE,
Sede del congreso/Lugar de la reunión Quito,
Fecha del congreso/reunión 10-12 de octubre 1994
9 (RLIN) 47950
245 10 - MENCIÓN DE TÍTULO
Título Políticas sociales y pobreza.
260 ## - PUBLICACIÓN, DISTRIBUCIÓN, ETC.
Lugar de publicación, distribución, etc. Quito, Ecuador :
Nombre del editor, distribuidor, etc. Corporación de Estudios para el Desarrollo (CORDES),
Fecha de publicación, distribución, etc. 1994.
300 ## - DESCRIPCIÓN FÍSICA
Extensión 226 p. :
Otras características físicas il., diag. ;
Dimensiones 21 cm.
500 ## - NOTA GENERAL
Nota general Incluye notas al pie de las páginas.
710 1# - PUNTO DE ACCESO ADICIONAL--NOMBRE DE ENTIDAD CORPORATIVA
Nombre de entidad corporativa o nombre de jurisdicción como elemento de entrada Fondo de inversión Social de Emergencia (FISE)
9 (RLIN) 47951
Existencias
Estado de retiro Estado de pérdida Restricciones de uso No para préstamo Código de colección Localización permanente Ubicación/localización actual Ubicación en estantería Fecha de adquisición Número de inventario Total de préstamos Signatura topográfica completa Código de barras Fecha visto por última vez Precio válido a partir de Tipo de ítem Koha
        Monografías: Libros y Folletos General General En catalogación 01.12.2010 LF1   xxxxx S471p 23284-10 25.06.2020 25.06.2020 Préstamo en sala

Con tecnología Koha